| 000 | 01164nam0a22002891 4500 | ||
|---|---|---|---|
| 001 | v19\rc\1710594 | ||
| 005 | 20061002164541.7 | ||
| 035 | _a(NLR Aleph) 004810505 | ||
| 090 |
_a4923413 _c4923413 |
||
| 100 | _a20061002d1899 |||y0rusy50 ca | ||
| 101 | 0 | _arus | |
| 102 | _aRU | ||
| 105 | _ay z ||||| | ||
| 200 | 1 | _aПроцесс Александра Леопольдовича Тальма по делу об убийстве вдовы генерал-лейтенанта Паулины Георгиевны Болдыревой и горничной ее Александры Савиновой | |
| 210 |
_aМосква _cПервая женская тип. Е. Гербек _d[1899] |
||
| 215 |
_a164 с. _d18 |
||
| 702 | 1 |
_aТальм _bА. Л. _gАлександр Леопольдович _4570 |
|
| 702 | 1 |
_aБолдырева _bП. Г. _gПаулина Георгиевна _4570 |
|
| 702 | 1 |
_aСавинова _bА. _gАлександра _4570 |
|
| 801 | 0 |
_aRU _bNLR _gpsbo |
|
| 801 | 0 |
_aRU _bRuMoRGB _2psbo |
|
| 801 | 1 |
_aRU _bProSoft-M _2rusmarc |
|
| 852 |
_aNLR _j20.56.6.6 |
||
| 899 |
_aRuMoRGB _jS 33/524 |
||
| 899 | _aБАН | ||
| 942 | _cBOOK | ||
| 980 | _aNB | ||